Songs by Take That - Statistics

General Stats
  • This quiz has been taken 486 times
  • The average score is 24 of 95
Answer Stats
Hint Answer % Correct
Shine
77%
1993 - Everything Changes Everything Changes
76%
2010 - Progress The Flood
74%
Patience
71%
Relight My Fire
70%
Back For Good
67%
Never Forget
66%
Pray
66%
Greatest Day
60%
Babe
59%
Rule The World
57%
A Million Love Songs
54%
The Circus
52%
Take That And Party
51%
Beautiful
48%
2014 - III These Days
48%
Could It Be Magic
47%
1995 - Nobody Else Sure
45%
Kidz
44%
2008 - The Circus The Garden
42%
Beautiful World
41%
It Only Takes A Minute
41%
Nobody Else
37%
Wooden Boat
34%
Said It All
33%
Love Love
32%
Hold Up A Light
30%
Man
30%
SOS
30%
Up All Night
30%
1992 - Take That & Party I Found Heaven
29%
Eight Letters
27%
Julie
27%
Love Ain't Here Anymore
26%
Promises
26%
Hello
25%
Why Can't I Wake Up With You
25%
Why Can't I Wake Up With You
25%
Happy Now
24%
Mancunian Way
24%
Underground Machine
23%
2006 - Beautiful World Reach Out
21%
Do What U Like
20%
You
20%
Once You've Tasted Love
19%
Pretty Things
19%
Wait
19%
Get Ready For It
18%
Hold On
18%
How Did It Come To This
18%
Let In The Sun
18%
What Do You Want From Me
18%
I'd Wait For Life
17%
Affirmation
16%
Flowerbed
16%
2011 - Progressed When We Were Young
16%
What Is Love
14%
Ain't No Sense In Love
13%
Aliens
13%
Here
13%
Another Crack In My Heart
12%
Give Good Feeling
12%
Like I Never Loved You At All
12%
Flaws
11%
Lovelife
11%
Portrait
11%
Satisfied
11%
Freeze
10%
Higher Than Higher
10%
If You Want It
10%
I Like It
10%
If This Is Love
9%
Into The Wild
9%
The Day The Work Is Done
9%
What You Believe In
9%
Every Guy
8%
Give You My Love
8%
She Said
8%
Sunday To Saturday
8%
Don't Say Goodbye
7%
I Can Make It
7%
The Day After Tomorrow
7%
Meaning Of Love
6%
Wasting My Time
6%
Wonderful World
6%
Broken Your Heart
5%
Lady Tonight
5%
Whatever You Do To Me
5%
Hate It
4%
Holding Back The Tears
4%
Beautiful Morning
3%
Hanging Onto Your Love
3%
Never Want To Let You Go
3%
We All Fall Down
3%
You Are The One
3%
No matching quizzes found
Score Distribution
Percent of People with Each Score
Percentile by Number Answered
Your Score History
You have not taken this quiz